[Event "Quebec-ch Seniors 50+"]
[Site "Montreal"]
[Date "2019.04.28"]
[Round "4"]
[White "Morissette, Jean Sebastien"]
[Black "Goldner, John"]
[Result "1/2-1/2"]
[WhiteElo "1830"]
[BlackElo "1707"]
[PlyCount "199"]
[EventDate "2019.04.26"]
[EventType "swiss"]
[EventRounds "5"]
[EventCountry "CAN"]
[SourceTitle "EXT 2022"]
[Source "ChessBase"]
[SourceDate "2021.10.06"]
[SourceVersion "1"]
[SourceVersionDate "2021.10.06"]
[SourceQuality "1"]

1. d4 d5 2. c4 e6 3. Nf3 c5 4. cxd5 exd5 5. Nc3 Nc6 6. g3 Nf6 7. Bg2 Be7 8. 0-0 0-0 9. dxc5 Bxc5 10. Bg5 Be7 11. Rc1 Be6 12. Nd4 Nxd4 13. Qxd4 h6 14. Bf4 Qa5 15. Qa4 Qxa4 16. Nxa4 Rac8 17. Nc3 d4 18. Nb5 Bxa2 19. Bxb7 Rxc1 20. Rxc1 Bd5 21. Rc7 Bd8 22. Bxd5 Bxc7 23. Nxc7 Nxd5 24. Nxd5 Rd8 25. Nb4 f6 26. Kg2 Kf7 27. Kf3 Ke6 28. g4 f5 29. gxf5+ Kxf5 30. Nd3 g5 31. Bd2 h5 32. h3 Re8 33. Nc1 g4+ 34. hxg4+ hxg4+ 35. Kg2 Rc8 36. b4 Rc2 37. Nb3 Ke4 38. Kg3 Rb2 39. Nc5+ Kf5 40. Bh6 Rxb4 41. Bg7 a5 42. f3 gxf3 43. Kxf3 a4 44. e4+ dxe3 45. Kxe3 a3 46. Nd3 Rb3 47. Kd2 Rb7 48. Bc3 a2 49. Nc1 Ra7 50. Nxa2 Rxa2+ 51. Kd3 Ra3 52. Kc4 Ra4+ 53. Kd5 Ra3 54. Kd4 Ra4+ 55. Kd5 Ra8 56. Bg7 Rd8+ 57. Kc6 Ke6 58. Kc5 Rd7 59. Ba1 Rd1 60. Bh8 Kf5 61. Kc4 Ke4 62. Kc5 Rd8 63. Bg7 Rd7 64. Bh8 Rb7 65. Kd6 Kf5 66. Kd5 Rd7+ 67. Kc6 Ke6 68. Kc5 Rd5+ 69. Kc4 Rd1 70. Bb2 Kf5 71. Bg7 Ke4 72. Kc5 Rd7 73. Bh8 Rd8 74. Bg7 Rc8+ 75. Kd6 Ra8 76. Bb2 Rc8 77. Bg7 Kf5 78. Kd5 Rd8+ 79. Kc4 Ke4 80. Kc5 Kf5 81. Bb2 Ke4 82. Kc6 Rd5 83. Bg7 Ra5 84. Kd6 Kd3 85. Ke6 Ke4 86. Kd6 Ra8 87. Bb2 Rg8 88. Ke6 Rg6+ 89. Kd7 Kd5 90. Kc7 Rg8 91. Bc3 Rg6 92. Bb2 Re6 93. Ba1 Rc6+ 94. Kb7 Kc5 95. Bd4+ Kb5 96. Be5 Re6 97. Bg3 Re7+ 98. Kc8 Kc6 99. Kd8 Rg7 100. Bf2 1/2-1/2

[Event "Quebec-ch Seniors 50+"]
[Site "Montreal"]
[Date "2019.04.26"]
[Round "1"]
[White "Sonn, Eric"]
[Black "Morissette, Jean Sebastien"]
[Result "0-1"]
[WhiteElo "1500"]
[BlackElo "1830"]
[PlyCount "56"]
[EventDate "2019.04.26"]
[EventType "swiss"]
[EventRounds "5"]
[EventCountry "CAN"]
[SourceTitle "EXT 2022"]
[Source "ChessBase"]
[SourceDate "2021.10.06"]
[SourceVersion "1"]
[SourceVersionDate "2021.10.06"]
[SourceQuality "1"]

1. e4 e6 2. Qe2 c5 3. Nf3 Nc6 4. c3 d5 5. e5 Qb6 6. g3 Bd7 7. Bh3 Nge7 8. Na3 Ng6 9. Nc2 Rc8 10. 0-0 Be7 11. d3 0-0 12. Rb1 Qa6 13. a3 b5 14. Bd2 Qb6 15. Bg2 a5 16. h4 Rfe8 17. h5 Nf8 18. Bg5 Qb8 19. Rfe1 b4 20. Bxe7 Rxe7 21. a4 Be8 22. d4 b3 23. Ne3 cxd4 24. cxd4 Nb4 25. Rec1 Rec7 26. Rxc7 Rxc7 27. Ra1 Nc2 28. Nxc2 bxc2 0-1

[Event "Montreal Varennes op"]
[Site "Montreal"]
[Date "2014.11.08"]
[Round "3"]
[White "Morissette, Jean Sebastien"]
[Black "Masse, Hugues"]
[Result "0-1"]
[WhiteElo "1885"]
[BlackElo "2316"]
[PlyCount "38"]
[EventDate "2014.11.07"]
[EventType "swiss"]
[EventRounds "5"]
[EventCountry "CAN"]
[SourceTitle "EXT 2022"]
[Source "ChessBase"]
[SourceDate "2021.10.06"]
[SourceVersion "1"]
[SourceVersionDate "2021.10.06"]
[SourceQuality "1"]

1. d4 Nf6 2. Bg5 Ne4 3. Bf4 c5 4. d5 e6 5. f3 Qa5+ 6. c3 Nf6 7. e4 exd5 8. exd5 d6 9. Na3 Be7 10. Bc4 a6 11. Nc2 b5 12. b4 Qc7 13. bxc5 bxc4 14. c6 Bf5 15. Ne3 Bd3 16. Ne2 Qa5 17. 0-0 Nxd5 18. Nxd5 Qxd5 19. Re1 Nxc6 0-1

[Event "Montreal Varennes op"]
[Site "Montreal"]
[Date "2013.11.09"]
[Round "3"]
[White "Cloutier, Mario"]
[Black "Morissette, Jean Sebastien"]
[Result "1-0"]
[WhiteElo "2048"]
[BlackElo "1876"]
[PlyCount "61"]
[EventDate "2013.11.08"]
[EventType "swiss"]
[EventRounds "5"]
[EventCountry "CAN"]
[SourceTitle "EXT 2022"]
[Source "ChessBase"]
[SourceDate "2021.10.06"]
[SourceVersion "1"]
[SourceVersionDate "2021.10.06"]
[SourceQuality "1"]

1. d4 d5 2. c4 e6 3. Nc3 Be7 4. Nf3 Nf6 5. g3 0-0 6. Bg2 Bd7 7. Ne5 Bc6 8. cxd5 exd5 9. 0-0 Qc8 10. Qb3 Rd8 11. e4 Qe6 12. Nxc6 bxc6 13. Qb7 Nbd7 14. exd5 Nxd5 15. Nxd5 cxd5 16. Bxd5 Qf6 17. Qxc7 Rab8 18. Qxa7 Nb6 19. Bg2 Bd6 20. b3 Qe6 21. Qa5 h6 22. Be3 Nd7 23. Rfc1 Nf6 24. Rc6 Qe7 25. Rac1 Ra8 26. Qd2 Ne4 27. Qc2 Nf6 28. a4 Ng4 29. Rxd6 Nxe3 30. Rxd8+ Rxd8 31. fxe3 1-0

[Event "Montreal Varennes op"]
[Site "Montreal"]
[Date "2013.11.09"]
[Round "2"]
[White "Morissette, Jean Sebastien"]
[Black "Masse, Hugues"]
[Result "0-1"]
[WhiteElo "1876"]
[BlackElo "2234"]
[PlyCount "72"]
[EventDate "2013.11.08"]
[EventType "swiss"]
[EventRounds "5"]
[EventCountry "CAN"]
[SourceTitle "EXT 2022"]
[Source "ChessBase"]
[SourceDate "2021.10.06"]
[SourceVersion "1"]
[SourceVersionDate "2021.10.06"]
[SourceQuality "1"]

1. d4 Nf6 2. Bg5 Ne4 3. h4 c5 4. d5 g6 5. Qd3 Nxg5 6. Qc3 f6 7. hxg5 Bg7 8. Nd2 Qb6 9. a3 Kf8 10. e4 d6 11. Nh3 f5 12. Qf3 Qxb2 13. Rb1 Qc3 14. Rb3 Qxf3 15. Rxf3 Nd7 16. exf5 Ne5 17. Rf4 Bxf5 18. g4 Nxg4 19. Bd3 Be5 20. Bxf5 gxf5 21. Rxf5+ Ke8 22. Nf4 Kd7 23. Rh4 Bxf4 24. Rxg4 Bxd2+ 25. Kxd2 Raf8 26. Rgf4 Rxf5 27. Rxf5 Ke8 28. c4 h6 29. gxh6 Rxh6 30. Rf3 Rf6 31. Rb3 Rxf2+ 32. Ke3 Ra2 33. Ke4 b6 34. Rc3 Rh2 35. Rc1 Rh3 36. Ra1 Rc3 0-1

[Event "Quebec-ch classe U2000"]
[Site "Montreal"]
[Date "2013.01.20"]
[Round "5"]
[White "Morissette, Jean Sebastien"]
[Black "Gilbert, Erick"]
[Result "0-1"]
[WhiteElo "1896"]
[BlackElo "1737"]
[PlyCount "93"]
[EventDate "2013.01.18"]
[EventType "swiss"]
[EventRounds "5"]
[EventCountry "CAN"]
[SourceTitle "EXT 2022"]
[Source "ChessBase"]
[SourceDate "2021.10.06"]
[SourceVersion "1"]
[SourceVersionDate "2021.10.06"]
[SourceQuality "1"]

1. d4 Nf6 2. Bg5 d5 3. Bxf6 exf6 4. e3 Bd6 5. c4 c6 6. cxd5 cxd5 7. Nc3 Be6 8. Bd3 a6 9. Nge2 Nc6 10. Rc1 0-0 11. Ng3 g6 12. Qf3 Re8 13. 0-0 Rc8 14. h4 h5 15. Qd1 Nb4 16. Bb1 Bxg3 17. fxg3 Bg4 18. Qd2 Nc6 19. Rce1 b5 20. a3 Kg7 21. Ba2 Ne7 22. Rf4 f5 23. Rff1 Qd6 24. Qf2 Rf8 25. Qf4 Rfd8 26. Rc1 Rc6 27. Kf2 Qd7 28. Bb3 Rb6 29. Na2 a5 30. Rc7 Qe6 31. Rfc1 a4 32. Bc2 Nc6 33. Bd3 Na5 34. R1c5 Nc4 35. Bxc4 bxc4 36. Nb4 Bd1 37. Ke1 Bb3 38. R5c6 Rd6 39. Rxb6 Rxb6 40. Kd2 Rd6 41. Rc5 Rd7 42. Nc6 Rd6 43. Ne5 Rd8 44. Rc7 Rf8 45. Nf3 Ba2 46. Qe5+ Qf6 47. Qxd5 0-1

[Event "Quebec-ch classe U2000"]
[Site "Montreal"]
[Date "2013.01.19"]
[Round "2"]
[White "Bouchard, Jean Marc"]
[Black "Morissette, Jean Sebastien"]
[Result "1-0"]
[WhiteElo "1857"]
[BlackElo "1896"]
[PlyCount "119"]
[EventDate "2013.01.18"]
[EventType "swiss"]
[EventRounds "5"]
[EventCountry "CAN"]
[SourceTitle "EXT 2022"]
[Source "ChessBase"]
[SourceDate "2021.10.06"]
[SourceVersion "1"]
[SourceVersionDate "2021.10.06"]
[SourceQuality "1"]

1. Nf3 d5 2. g3 c5 3. Bg2 g6 4. d4 cxd4 5. Qxd4 Nf6 6. Ne5 Bg7 7. Nc3 0-0 8. Qh4 Nc6 9. Nxc6 bxc6 10. Bh6 Rb8 11. Bxg7 Kxg7 12. Nd1 Qd6 13. 0-0 h6 14. Qd4 c5 15. Qd2 Rd8 16. b3 Ne4 17. Bxe4 dxe4 18. Qxd6 exd6 19. c4 d5 20. cxd5 Bb7 21. Ne3 Bxd5 22. Rac1 Be6 23. Rxc5 Rd2 24. Rc2 Rbd8 25. Rfc1 h5 26. Kf1 g5 27. Rxd2 Rxd2 28. Rc2 Rd4 29. Ke1 a5 30. Rd2 Rb4 31. Nc2 Rb6 32. e3 a4 33. Nd4 Bg4 34. Rc2 h4 35. Rc5 f6 36. gxh4 gxh4 37. h3 axb3 38. axb3 Bxh3 39. Rh5 Be6 40. b4 h3 41. Nxe6+ Rxe6 42. Kd2 Rc6 43. Rxh3 Rc4 44. b5 Kg6 45. Rh8 Kf5 46. b6 Rb4 47. Rb8 Ke6 48. Kc3 Rb1 49. b7 Kd7 50. Rf8 Rxb7 51. Rf7+ Kc6 52. Rxb7 Kxb7 53. Kd4 Kc6 54. Kxe4 Kd6 55. Kf5 Ke7 56. Kg6 Ke6 57. e4 Ke7 58. f4 Ke6 59. f5+ Ke5 60. Kf7 1-0

[Event "Montreal Transcontinental 4"]
[Site "Montreal"]
[Date "2011.04.29"]
[Round "1"]
[White "Morissette, Jean Sebastien"]
[Black "Lopez Linares, Lizandro Fernando"]
[Result "0-1"]
[WhiteElo "1905"]
[BlackElo "1892"]
[PlyCount "92"]
[EventDate "2011.04.29"]
[EventType "tourn"]
[EventRounds "5"]
[EventCountry "CAN"]
[SourceTitle "EXT 2013"]
[Source "ChessBase"]
[SourceDate "2012.11.22"]
[SourceVersion "1"]
[SourceVersionDate "2012.11.22"]
[SourceQuality "1"]

1. d4 Nf6 2. Bg5 d5 3. Bxf6 exf6 4. e3 Bd6 5. c4 dxc4 6. Bxc4 0-0 7. Nc3 c6 8. Nge2 Qe7 9. 0-0 f5 10. Rc1 Nd7 11. Qc2 Nf6 12. Bd3 g6 13. g3 Re8 14. Rfe1 Ne4 15. Nf4 b6 16. Bf1 Bb7 17. Bg2 Rac8 18. Qa4 a6 19. Qb3 b5 20. a4 b4 21. Nce2 a5 22. Nd3 c5 23. dxc5 Nxc5 24. Nxc5 Bxg2 25. Kxg2 Bxc5 26. Nf4 Qe4+ 27. f3 Qe5 28. Nd3 Qe7 29. e4 Bd4 30. exf5 Qf6 31. fxg6 hxg6 32. Rxc8 Rxc8 33. Re2 Kg7 34. h4 Bb6 35. Qd5 Rd8 36. Qc4 Rd4 37. Qb5 Rd8 38. Qe5 Rxd3 39. Qe4 Rd1 40. h5 Rg1+ 41. Kh2 Ra1 42. hxg6 Qxg6 43. Qe5+ Qf6 44. Qxf6+ Kxf6 45. Rc2 Bd4 46. b3 Bc3 0-1

[Event "Lanaudiere"]
[Site "Repentigny"]
[Date "2009.10.17"]
[Round "3"]
[White "Morissette, Jean Sebastien"]
[Black "Miron, Gilles"]
[Result "1-0"]
[WhiteElo "1357"]
[BlackElo "1276"]
[PlyCount "43"]
[EventDate "2009.10.17"]
[EventType "tourn"]
[EventRounds "5"]
[EventCountry "CAN"]
[SourceTitle "EXT 2011"]
[Source "ChessBase"]
[SourceDate "2010.11.26"]
[SourceVersion "1"]
[SourceVersionDate "2010.11.26"]
[SourceQuality "1"]

1. e4 e6 2. d4 d5 3. Nc3 Bb4 4. e5 Ne7 5. Qg4 Ng6 6. h4 h5 7. Qg3 c5 8. Bd3 cxd4 9. Bxg6 fxg6 10. Qxg6+ Kd7 11. Qxg7+ Kc6 12. Nf3 dxc3 13. Nd4+ Kb6 14. b3 Rf8 15. Be3 Ka6 16. Qg6 Qe8 17. Qd3+ b5 18. a4 Kb7 19. Nxb5 Qc6 20. Qd4 Nd7 21. Qxb4 Ka6 22. Nc7+ 1-0

[Event "Lanaudiere"]
[Site "Repentigny"]
[Date "2009.10.17"]
[Round "1"]
[White "Soucy, Hermil"]
[Black "Morissette, Jean Sebastien"]
[Result "0-1"]
[WhiteElo "1422"]
[BlackElo "1357"]
[PlyCount "86"]
[EventDate "2009.10.17"]
[EventType "tourn"]
[EventRounds "5"]
[EventCountry "CAN"]
[SourceTitle "EXT 2011"]
[Source "ChessBase"]
[SourceDate "2010.11.26"]
[SourceVersion "1"]
[SourceVersionDate "2010.11.26"]
[SourceQuality "1"]

1. d4 d5 2. Nc3 Nf6 3. Nf3 e6 4. e3 Bb4 5. Bd3 0-0 6. 0-0 b6 7. Ne2 Bb7 8. Ne5 Nbd7 9. f4 Bd6 10. Ng3 c5 11. c3 g6 12. Re1 h5 13. Nf3 Ne4 14. Bxe4 dxe4 15. Ng5 Nf6 16. Qc2 Qc7 17. N3xe4 Nxe4 18. Nxe4 Bxe4 19. Qxe4 cxd4 20. cxd4 Bb4 21. Re2 Rac8 22. a3 Bd6 23. b4 Qc4 24. Qf3 Rc7 25. Bb2 Qd3 26. Rf2 Rfc8 27. Rd1 Qb3 28. h3 Rc2 29. Ba1 Qxa3 30. Rxc2 Rxc2 31. Qa8+ Kh7 32. Qf3 Bxb4 33. Qe4 Re2 34. Qd3 Rxe3 35. Qxa3 Rxa3 36. d5 exd5 37. Be5 Bc5+ 38. Kh2 d4 39. Rf1 f5 40. Rf2 d3 41. Rd2 Bb4 42. Rd1 Bc3 43. Rxd3 Bb4 0-1

[Event "Montreal Unisource 4th"]
[Site "Montreal"]
[Date "2009.03.01"]
[Round "5"]
[White "Morissette, Jean Sebastien"]
[Black "Le Duin, Thierry"]
[Result "0-1"]
[WhiteElo "1990"]
[BlackElo "2059"]
[PlyCount "62"]
[EventDate "2009.02.27"]
[EventType "tourn"]
[EventRounds "5"]
[EventCountry "CAN"]
[SourceTitle "EXT 2011"]
[Source "ChessBase"]
[SourceDate "2010.11.26"]
[SourceVersion "1"]
[SourceVersionDate "2010.11.26"]
[SourceQuality "1"]

1. e4 d5 2. exd5 Nf6 3. d4 Bg4 4. Nf3 Qxd5 5. Be2 Nc6 6. Be3 0-0-0 7. 0-0 Qh5 8. h3 e5 9. c3 e4 10. hxg4 Nxg4 11. Bf4 exf3 12. Bxf3 f5 13. Re1 Bd6 14. Bxg4 fxg4 15. Bg3 Bxg3 16. fxg3 Rhe8 17. Nd2 Rxe1+ 18. Qxe1 Rd6 19. Ne4 Re6 20. Qe2 Qf5 21. Re1 g6 22. Qd3 Ne7 23. c4 Ng8 24. d5 Re5 25. Re2 Nf6 26. d6 Rxe4 27. dxc7 Kxc7 28. Rxe4 Nxe4 29. Qe2 Qc5+ 30. Kh2 Qh5+ 31. Kg1 Qh1+ 0-1

[Event "Montreal Unisource 4th"]
[Site "Montreal"]
[Date "2009.03.01"]
[Round "4"]
[White "Xu, Haizhou"]
[Black "Morissette, Jean Sebastien"]
[Result "1-0"]
[WhiteElo "2077"]
[BlackElo "1990"]
[PlyCount "95"]
[EventDate "2009.02.27"]
[EventType "tourn"]
[EventRounds "5"]
[EventCountry "CAN"]
[SourceTitle "EXT 2011"]
[Source "ChessBase"]
[SourceDate "2010.11.26"]
[SourceVersion "1"]
[SourceVersionDate "2010.11.26"]
[SourceQuality "1"]

1. e4 c5 2. Nf3 Nc6 3. d4 cxd4 4. Nxd4 e5 5. Nb5 d6 6. c4 Be7 7. N1c3 a6 8. Na3 h6 9. Nc2 Be6 10. Be2 Bg5 11. 0-0 Bxc1 12. Rxc1 Nge7 13. Qd2 Qd7 14. Rfd1 Rd8 15. Qe3 0-0 16. c5 d5 17. exd5 Nxd5 18. Nxd5 Bxd5 19. Bc4 Qe6 20. Rxd5 Rxd5 21. Qe4 Rfd8 22. Bxd5 Qxd5 23. Qxd5 Rxd5 24. Ne3 Rd2 25. Rc2 Rxc2 26. Nxc2 Kf8 27. Kf1 Ke7 28. Ke2 Ke6 29. Kd3 Kd5 30. b4 Nd4 31. Ne3+ Kc6 32. Kc4 h5 33. a4 h4 34. h3 f5 35. Nd5 g5 36. f3 f4 37. Nc3 Nc2 38. b5+ Kd7 39. Kd5 Ne3+ 40. Kxe5 Nxg2 41. Kf5 Ne1 42. Kg4 Nd3 43. Kxg5 Nxc5 44. Kxf4 Nxa4 45. Nxa4 axb5 46. Nb2 Ke6 47. Kg5 Kd5 48. f4 1-0

[Event "Quebec-ch qual 2"]
[Site "Montreal"]
[Date "2007.05.18"]
[Round "1"]
[White "Germain, Max"]
[Black "Morissette, Jean Sebastien"]
[Result "0-1"]
[WhiteElo "1588"]
[BlackElo "1979"]
[PlyCount "86"]
[EventDate "2007.05.18"]
[EventType "swiss"]
[EventRounds "5"]
[EventCountry "CAN"]
[SourceTitle "EXT 2022"]
[Source "ChessBase"]
[SourceDate "2021.10.06"]
[SourceVersion "1"]
[SourceVersionDate "2021.10.06"]
[SourceQuality "1"]

1. d4 d5 2. c4 e6 3. Nc3 Be7 4. Nf3 Nf6 5. cxd5 exd5 6. g3 0-0 7. Bg2 c6 8. 0-0 Nbd7 9. Qc2 Re8 10. Re1 Ne4 11. Nd2 f5 12. Ndxe4 fxe4 13. f4 Nf6 14. e3 Be6 15. Na4 Nd7 16. Bd2 Rc8 17. b4 b6 18. Rac1 Bd6 19. Qb3 Qe7 20. Rc2 c5 21. bxc5 bxc5 22. Rec1 c4 23. Qb1 Rb8 24. Qa1 Ba3 25. Rb1 Rxb1+ 26. Qxb1 Rb8 27. Qe1 Qd6 28. Bc1 Rb1 29. Nc3 Qb4 30. Kf2 Nf6 31. h3 Rxc1 32. Rxc1 Qb2+ 33. Ne2 Bb4 34. Qd1 a5 35. Qc2 Qa3 36. Rb1 Bd7 37. Rb2 Ba4 38. Qb1 c3 39. Rb3 Bxb3 40. axb3 Qb2 41. Qf1 Qxb3 42. Nc1 Qb2+ 43. Kg1 c2 0-1

[Event "Quebec-ch qual2"]
[Site "Montreal"]
[Date "2006.05.21"]
[Round "4"]
[White "Morissette, Jean Sebastien"]
[Black "Arsenault, Nicolas"]
[Result "0-1"]
[WhiteElo "1980"]
[BlackElo "2073"]
[PlyCount "74"]
[EventDate "2006.05.19"]
[EventType "swiss"]
[EventRounds "5"]
[EventCountry "CAN"]
[SourceTitle "EXT 2007"]
[Source "ChessBase"]
[SourceDate "2006.11.23"]
[SourceVersion "1"]
[SourceVersionDate "2006.11.23"]
[SourceQuality "1"]

1. d4 Nf6 2. Bg5 c5 3. Bxf6 gxf6 4. d5 Qb6 5. Nd2 Qxb2 6. e4 Bh6 7. Ngf3 d6 8. Rb1 Qc3 9. Bb5+ Kf8 10. Rb3 Qa5 11. 0-0 a6 12. Be2 b5 13. c3 Rg8 14. Qc2 Bg4 15. Rfb1 Nd7 16. e5 Nxe5 17. Nxe5 fxe5 18. Nc4 Qd8 19. Qxh7 Bf4 20. Bxg4 Rxg4 21. Ne3 Bxe3 22. fxe3 f6 23. e4 c4 24. R3b2 Qb6+ 25. Kh1 Qe3 26. Rf1 Qg5 27. Rbf2 Ke8 28. h3 Rh4 29. Qf5 Qxf5 30. exf5 Re4 31. g4 Rc8 32. Kg2 b4 33. Rc1 bxc3 34. Rxc3 Rd4 35. Ra3 Rxd5 36. Rxa6 c3 37. Rf1 c2 0-1

[Event "Quebec op U2000"]
[Site "Montreal"]
[Date "2001.07.26"]
[Round "7"]
[White "Morissette, Jean Sebastien"]
[Black "Chichkina, Olya"]
[Result "0-1"]
[WhiteElo "1854"]
[BlackElo "1901"]
[PlyCount "52"]
[EventDate "2001.07.21"]
[EventType "swiss"]
[EventRounds "9"]
[EventCountry "CAN"]
[SourceTitle "EXT 2022"]
[Source "ChessBase"]
[SourceDate "2021.10.06"]
[SourceVersion "1"]
[SourceVersionDate "2021.10.06"]
[SourceQuality "1"]

1. d4 d5 2. Bg5 Nf6 3. Bxf6 gxf6 4. e3 Bf5 5. Ne2 e6 6. Ng3 Bg6 7. Nd2 c5 8. c3 Qb6 9. Qb3 Nd7 10. a4 cxd4 11. Qxb6 Nxb6 12. exd4 Rc8 13. a5 Nd7 14. a6 Rc7 15. axb7 Rxb7 16. b4 Bh6 17. Nb3 0-0 18. h4 Bc2 19. Nc5 Nxc5 20. dxc5 d4 21. Nh5 dxc3 22. f4 Rxb4 23. Rh3 Bg6 24. Nxf6+ Kg7 25. Nd7 c2 26. Rc1 Rb1 0-1

[Event "Montreal Ledain Memorial"]
[Site "Montreal"]
[Date "1981.02.11"]
[Round "2"]
[White "Zalys, Ignas"]
[Black "Morissette, Jean Sebastien"]
[Result "0-1"]
[WhiteElo "1952"]
[BlackElo "1792"]
[PlyCount "162"]
[EventDate "1981.02.03"]
[EventType "swiss"]
[EventRounds "5"]
[EventCountry "CAN"]
[SourceTitle "EXT 2022"]
[Source "ChessBase"]
[SourceDate "2021.10.06"]
[SourceVersion "1"]
[SourceVersionDate "2021.10.06"]
[SourceQuality "1"]

1. e4 Nf6 2. e5 Nd5 3. d4 d6 4. Nf3 g6 5. c4 Nb6 6. exd6 cxd6 7. Nc3 Bg7 8. Be3 Nc6 9. Qd2 e5 10. d5 Ne7 11. a4 a5 12. Nh4 f5 13. Bg5 Nd7 14. Rb1 0-0 15. g3 Nc5 16. b3 Bd7 17. Be2 b6 18. 0-0 Bf6 19. Bxf6 Rxf6 20. f4 e4 21. Ng2 Qf8 22. Ne3 Qg7 23. Nc2 Raf8 24. Nd4 h6 25. b4 axb4 26. Rxb4 Nc8 27. Ncb5 g5 28. Kh1 g4 29. Nb3 Na6 30. a5 Nxb4 31. Qxb4 bxa5 32. Qxa5 Bxb5 33. cxb5 Qb7 34. Qc3 R6f7 35. Nd4 Nb6 36. Qc6 Rd7 37. Rd1 Kh7 38. Kg1 Kg6 39. Qc2 Qxd5 40. Bxg4 fxg4 41. f5+ Rxf5 42. Nxf5 Qxf5 43. Qb3 Qc5+ 44. Kh1 Rf7 45. Qe6+ Kg7 46. Qxg4+ Qg5 47. Qxe4 Qxb5 48. Qd4+ Kg8 49. Qg4+ Kf8 50. Kg2 Qc6+ 51. Kg1 Nc4 52. Qd4 Qf3 53. Qh8+ Ke7 54. Ra1 Qe3+ 55. Kh1 Ne5 56. Qa8 Qf3+ 57. Qxf3 Rxf3 58. Kg2 Rf6 59. h3 Ke6 60. g4 Kf7 61. Ra8 Ke6 62. Kg3 Kd5 63. Kh4 Ng6+ 64. Kg3 Ke4 65. Ra4+ Ke3 66. Ra3+ Kd4 67. g5 hxg5 68. Kg4 Rf1 69. Kxg5 Rg1+ 70. Kf6 d5 71. Ra8 Nf4 72. Ra4+ Ke3 73. h4 d4 74. Kf5 Nh5 75. Ra8 d3 76. Re8+ Kf3 77. Rd8 Ke2 78. Re8+ Kd1 79. Rd8 d2 80. Rd7 Ng3+ 81. Kf4 Ke1 0-1